ARRUPE JESUIT UNIVERSITY

CORONAVIRUS -STOP THE SPREAD - CLEAN,DISINFECT,COVER

The one from the other (Record no. 120085)

MARC details
000 -LEADER
fixed length control field 00363nam a22001337a 4500
005 - DATE AND TIME OF LATEST TRANSACTION
control field 20140218171555.0
008 - FIXED-LENGTH DATA ELEMENTS--GENERAL INFORMATION
fixed length control field 140218b xxu||||| |||| 00| 0 eng d
050 ## - LIBRARY OF CONGRESS CALL NUMBER
Classification number PZ4.
Item number K41
100 ## - MAIN ENTRY--PERSONAL NAME
Personal name Kerr, Philip
9 (RLIN) 8748
245 ## - TITLE STATEMENT
Title The one from the other
Statement of responsibility, etc Kerr, Philip
260 ## - PUBLICATION, DISTRIBUTION, ETC. (IMPRINT)
Place of publication, distribution, etc New York
Name of publisher, distributor, etc Penguin Books
Date of publication, distribution, etc 2006
300 ## - PHYSICAL DESCRIPTION
Extent 372p.;
Dimensions 20cm.
942 ## - ADDED ENTRY ELEMENTS (KOHA)
Source of classification or shelving scheme Library of Congress Classification
Item type Monograph ( Printed materials)
Holdings
Withdrawn status Lost status Source of classification or shelving scheme Damaged status Not for loan Collection code Home library Current library Shelving location Date acquired Total Checkouts Full call number Barcode Date last seen Price effective from Koha item type
    Library of Congress Classification     Main Collection ARRUPE LIBRARY ARRUPE LIBRARY Main Collection 18/02/2014   PZ4. K41 46500000127 02/07/2019 18/02/2014 Monograph ( Printed materials)

 

Arrupe Library. PO Box MP320 Mt Pleasant, Harare, Zimbabwe
263 242 745411|librarian@aju.ac.zw